A Critical Study Of Catalogue Codes: (Record no. 191657)

MARC details
000 -LEADER
fixed length control field 00590nam a22001937a 4500
005 - DATE AND TIME OF LATEST TRANSACTION
control field 20220831115027.0
010 ## - LCCN (DPL NO)
LC control number ENG-134826
020 ## - INTERNATIONAL STANDARD BOOK NUMBER
Terms of availability 600.00
International Standard Book Number 8186964975
035 ## - SYSTEM CONTROL NUMBER
System control number EN-118358
037 ## - SOURCE OF ACQUISITION
Source of stock number/acquisition DBAD/PUB
082 ## - DEWEY DECIMAL CLASSIFICATION NUMBER
Classification number 025.435
100 ## - MAIN ENTRY--PERSONAL NAME
Personal name DAS,ASITABHA
245 ## - TITLE STATEMENT
Title A Critical Study Of Catalogue Codes:
Remainder of title 1841 to01998
Statement of responsibility, etc Asitabha Das
250 ## - EDITION STATEMENT
Edition statement
260 ## - PUBLICATION, DISTRIBUTION, ETC. (IMPRINT)
Place of publication, distribution, etc Kolkata
Name of publisher, distributor, etc Asim Kr. Mandal
Date of publication, distribution, etc 2010
270 ## - ADDRESS
City Kolkata
Address 1k Randhanath Mullick Lane
Postal code 700012
Telephone number 9433194218
Electronic mail address Provokolkata12@india.com
300 ## - PHYSICAL DESCRIPTION
Extent 370p.
Dimensions 22cm(hb)
942 ## - ADDED ENTRY ELEMENTS (KOHA)
Source of classification or shelving scheme Dewey Decimal Classification
Item type English Books
Classification part 025.435
Call number suffix DAS
Holdings
Withdrawn status Lost status Not for loan Collection code Home library Current library Date acquired Source of acquisition Cost, normal purchase price Full call number Barcode Copy number Cost, replacement price Koha item type
      Non-fiction Shahdara Branch Shahdara Branch 31/08/2022 DBAD/PUB 600.00 025.435 DAS EN-118358 1 600.00 English Books

© Delhi Public Library
Hit Counter
free hit counter